000 00594nam a22001937a 4500
005 20251108165934.0
008 250721s1999 xx 000 0 ara d
082 1 4 _aط/372.7/داهـ
100 1 _aداهلباك، هلين
_eمؤلف
245 1 0 _aكتاب الحساب /
264 1 _aستوكهولم :
_bدار المنير،
_c1999.
300 _a26ص.
490 0 _aهذا كتابي
650 1 7 _aالحساب
653 _aاطفال ما قبل المدرسة (0-5) سنوات
700 1 _aمحمد الظاهر، شارلوت راول
942 _2ddc
_cBK
999 _c35346
_d35346